<Der> harte Weg der LPG in Machern.
Hlboká kríza poľnohospodárstva na bývalom území NDR daná najmä prudkým poklesom výnosov za poľnohospodárske produkty po zavedení menovej únie. Príklad nezdravej nákladovej štruktúry JRD Machern. Hľadanie novej výrobnej štruktúry, rozdelenie JRD na dve družstvá.
Gespeichert in:
| 1. Verfasser: | |
|---|---|
| Format: | Buchkapitel |
| Sprache: | Deutsch |
| Schlagworte: | |
| Tags: |
Keine Tags, Fügen Sie das erste Tag hinzu!
|
MARC
| LEADER | 00000naa a2200000 4500 | ||
|---|---|---|---|
| 001 | r002030 | ||
| 005 | 20220819193451.9 | ||
| 041 | 0 | |a ger | |
| 044 | |a DE | ||
| 245 | 1 | 0 | |a <Der> harte Weg der LPG in Machern. |c L. Eilenberg |
| 520 | |a Hlboká kríza poľnohospodárstva na bývalom území NDR daná najmä prudkým poklesom výnosov za poľnohospodárske produkty po zavedení menovej únie. Príklad nezdravej nákladovej štruktúry JRD Machern. Hľadanie novej výrobnej štruktúry, rozdelenie JRD na dve družstvá. | ||
| 610 | 2 | 0 | |a poľnohospodárstvo |
| 610 | 2 | 0 | |a JRD |
| 610 | 2 | 0 | |a NDR |
| 610 | 2 | 0 | |a zisk |
| 610 | 2 | 0 | |a štruktúra výroby |
| 610 | 2 | 0 | |a družstvá poľnohospodárske |
| 100 | 1 | |a Eilenberg, L. | |